MARC

LEADER 00000nam0a2200000 4500
001 67307
005 20231101212318.0
010 |a 5893296281 
035 |a (RuTPU)RU\TPU\book\71670 
090 |a 67307 
100 |a 20040914d2003 km y0rusy50 ca 
101 0 |a rus 
102 |a RU 
105 |a y z 001zd 
200 1 |a От мифа к логосу. Становление греческой философии  |f Ф. Х. Кессиди  |g под ред. А. Е. Зимбули 
205 |a 2-е изд., испр. и доп. 
210 |a СПб.  |c Алетейя  |d 2003 
215 |a 360 с. 
225 1 |a Античная библиотека. Исследования 
320 |a Библиогр.: с. 317-326. 
320 |a Указатель имен: с. 331-338. 
320 |a Предметный указатель: с. 342-357. 
600 0 |a Гомер  |c древнегреческий поэт  |f 12 в. до н.э.  |2 stltpui  |3 (RuTPU)RU\TPU\pers\667  |9 307 
600 0 |a Гераклит Эфесский  |f конец 6 - начало 5 вв. до н.э.  |c древнегреческий философ  |c политический и религиозно-этический мыслитель  |2 stltpui  |3 (RuTPU)RU\TPU\pers\972 
600 0 |a Ксенофан Колофонский  |c древнегреческий поэт  |c философ  |f около 570 - после 478 гг. до н. э.  |2 stltpui  |3 (RuTPU)RU\TPU\pers\1510 
600 0 |a Зенон Элейский  |c древнегреческий философ  |f 490-430 гг. до н.э.  |2 stltpush  |3 (RuTPU)RU\TPU\pers\9831 
606 1 |a Греческая философия древняя  |z 4 в. до н.э.  |2 stltpush  |3 (RuTPU)RU\TPU\subj\8638  |9 36010 
610 1 |a философия 
610 1 |a история 
610 1 |a древнегреческая философия 
610 1 |a античная философия 
610 1 |a античная культура 
610 1 |a античная демократия 
610 1 |a мифы 
610 1 |a мифотворчество 
610 1 |a эпос 
610 1 |a религия 
610 1 |a культы 
610 1 |a стиль 
610 1 |a натурфилософия 
686 |a Ю3(0)321  |v LBC/SL-A  |2 rubbk 
700 1 |a Кессиди  |b Ф. Х.  |g Феохарий Харлампиевич 
702 1 |a Зимбули  |b А. Е.  |4 340 
801 1 |a RU  |b 63413507  |c 20040914  |g PSBO 
801 2 |a RU  |b 63413507  |c 20140709  |g PSBO 
942 |c BK 
959 |a 118/20040908  |d 1  |e 220,77  |f ЧЗГЛ:1